QCM Culture générale - Géographie du monde - Statistiques

Statistiques générales
  • Ce quiz a été pris 149 fois
  • Le résultat moyen est 8 sur 15
Statistiques - réponses
Question Réponse % Correct
Dans quel Etat américain se trouve la ville de Dallas ? Au Texas
86%
La Terre de Feu chevauche deux pays, lesquels ? L'Argentine et le Chili
75%
Quel pays compte le plus de volcans actifs ? L'Indonésie
74%
Sur quelle île méditerranéenne se trouve la ville de Cagliari ? En Sardaigne
66%
Quel est le lac situé le plus en altitude ? Le lac Titicaca
65%
Les mers et océans recouvrent... ...71 % de la surface du globe
58%
Quel pays n'est pas enclavé dans un autre pays ? L'Eswatini
58%
Quel département français, parmi les quatre suivants, est le plus oriental ? La Drôme
56%
Quelle est la capitale la plus froide du monde en moyenne ? Oulan-Bator
52%
De quel pays Bichkek est la capitale ? Du Kirghizistan
50%
Quel pays a la plus grande ZEE (Zone économique exclusive) ? Les Etats-Unis
37%
L'Afrique du Sud a trois capitales, laquelle n'en fait pas partie ? Johannesburg
33%
Quel est le désert le plus aride au monde ? Le désert d'Atacama
31%
Combien de Lands l'Allemagne a-t-elle ? 16
29%
Dans quel océan se trouve le Golfe du Biafra ? Dans l'océan Altantique
17%
Aucun quiz correspondant
Distribution des résultats
% des personnes avec chaque résultat
Percentile par nombre de réponses
Votre historique - résultats
Vous n’avez pas pris ce quiz